Vista normal
Vista MARC
Entrada Topical Term
Número de registros utilizados en: 2
001 - CONTROL NUMBER
- control field: 38907
003 - CONTROL NUMBER IDENTIFIER
- control field: OSt
005 - DATE AND TIME OF LATEST TRANSACTION
- control field: 20210730104806.0
008 - FIXED-LENGTH DATA ELEMENTS
- fixed length control field: 210730|| aca||aabn | a|a d
040 ## - CATALOGING SOURCE
- Original cataloging agency: OSt
- Transcribing agency: OSt
150 ## - HEADING--TOPICAL TERM
- Topical term or geographic name entry element: Historia económica
- Geographic subdivision: Venezuela
670 ## - SOURCE DATA FOUND
- Source citation: Work cat.: (OSt)12057: Casas González, Antonio, autor 27173, El Banco Central de Venezuela :, 1999.